| 000 | 00867nam a2200265 a 4500 | ||
|---|---|---|---|
| 008 | |||
| 020 | _a0397512457 (pbk.) | ||
| 049 | _aMAIN | ||
| 090 |
_aR834.5 _bRYP |
||
| 245 | 0 | 0 |
_aRypins' basic sciences review / _cedited by Edward D. Frohlich with the collaboaration of a review panel. |
| 250 | _a16th ed. | ||
| 260 |
_aPhiladelphia : _bLippincott-Raven, _cc1993. |
||
| 300 |
_axiv, 856 p. : _bill. ; _c28 cm. |
||
| 500 | _aIncludes index. | ||
| 504 | _aIncudes bibliographical references. | ||
| 650 | 0 |
_aMedical sciences _vHandbooks, manuals, etc. |
|
| 650 | 0 |
_aMedical sciences _xExaminations, questions, etc. |
|
| 700 | 1 | _aRypins, Harold. | |
| 700 | 1 | _aFrohlich, Edward D. | |
| 907 |
_a.b10130305 _b11-03-14 _c09-07-04 |
||
| 003 | |||
| 005 | 20230120204055.0 | ||
| 040 | _cNUST | ||
| 942 |
_cBOOKS _kR834.5 _mRYP |
||
| 999 |
_c116623 _d116623 |
||